[Event "Oberpfalz-ch M2"]
[Site "Kareth Lappersdorf"]
[Date "2008.03.17"]
[Round "5"]
[White "Schmalz, David"]
[Black "Baumer, Klaus"]
[Result "1/2-1/2"]
[WhiteElo "1837"]
[BlackElo "1612"]
[PlyCount "47"]
[EventDate "2008.03.15"]
[EventType "swiss"]
[EventRounds "8"]
[EventCountry "GER"]
[SourceTitle "EXT 2022"]
[Source "ChessBase"]
[SourceDate "2021.10.06"]
[SourceVersion "1"]
[SourceVersionDate "2021.10.06"]
[SourceQuality "1"]

1. e4 e6 2. d4 d5 3. Nc3 Nf6 4. e5 Nfd7 5. f4 c5 6. Nf3 cxd4 7. Nxd4 g6 8. Be3 Nc6 9. Qd2 Nxd4 10. Bxd4 a6 11. Bd3 Nc5 12. 0-0 Nxd3 13. cxd3 Bb4 14. Rac1 Bd7 15. a3 Bxc3 16. Rxc3 0-0 17. Qe3 Bc6 18. Qh3 Rc8 19. Bf2 f5 20. Rfc1 Qd7 21. Bh4 Bb5 22. d4 Rxc3 23. Qxc3 Qc6 24. Qxc6 1/2-1/2